Функціонування фразеологічних одиниць у сучасних англійських ЗМІ (Запис № 285714)
[ простий вигляд ]
| 000 -LEADER | |
|---|---|
| fixed length control field | 01891nam a22001577a 4500 |
| 041 ## - LANGUAGE CODE | |
| Language code of text/sound track or separate title | ukr |
| 080 ## - UNIVERSAL DECIMAL CLASSIFICATION NUMBER | |
| Universal Decimal Classification number | 09 |
| 090 ## - LOCALLY ASSIGNED LC-TYPE CALL NUMBER (OCLC); LOCAL CALL NUMBER (OCLC) | |
| Local cutter number (OCLC) ; Book number/undivided call number, CALL (RLIN) | КОВ |
| 100 ## - MAIN ENTRY--PERSONAL NAME | |
| Personal name | Ковалюк, Ю. П. |
| 245 ## - TITLE STATEMENT | |
| Title | Функціонування фразеологічних одиниць у сучасних англійських ЗМІ |
| 260 ## - PUBLICATION, DISTRIBUTION, ETC. (IMPRINT) | |
| Place of publication, distribution, etc | Острог |
| Name of publisher, distributor, etc | КАФ |
| Date of publication, distribution, etc | 2016 |
| 300 ## - PHYSICAL DESCRIPTION | |
| Extent | 56 |
| 520 ## - SUMMARY, ETC. | |
| Summary, etc | Вступ.<br/>Розділ І. Теоретичні дослідження фразеологічних одиниць у вітчизняній і зарубіжній лінгвістиці.<br/>1.1. Фразеологія, як обєкт лінвістичного дослідження<br/>1.2. Визначення фразеологічної одиниці; фразеологічні одиниці як явища вторинної номінації <br/>1.3. Проблеми співвідношення "фразеологічна одиниця слово"<br/>Розділ ІІ. Функціонування фразеологічних одиниць в сучасній англійській мові.<br/>2.1. Способи утворення фразеологічних одиниць в сучасній англійській мові<br/>2.2. Класифікація фразеологічних одиниць в сучасній англійській мові<br/>Розділ ІІІ. Вживання ідіом в сучасній англійській пресі.<br/>3.1. Особливості вживання та перекладу англійських ідіом<br/>3.2. Трансформація фразеологізмів у текстах публіцистичного стилю та її типи<br/>Висновки.<br/>Список використаних джерел. |
| -- | лінгвістика, фразеологічна одиниця, ідіома |
| 650 ## - SUBJECT ADDED ENTRY--TOPICAL TERM | |
| Topical term or geographic name as entry element | Research Papers |
| 942 ## - ADDED ENTRY ELEMENTS (KOHA) | |
| Koha item type | Книги |
| Withdrawn status | Lost status | Source of classification or shelving scheme | Damaged status | Not for loan | Home library | Current library | Date acquired | Source of acquisition | Cost, normal purchase price | Total Checkouts | Full call number | Barcode | Date last seen | Price effective from | Koha item type |
|---|---|---|---|---|---|---|---|---|---|---|---|---|---|---|---|
| Universal Decimal Classification | ВІЛ - Відділ іноземн. літератури НБ | ВІЛ - Відділ іноземн. літератури НБ | 23/06/2016 | Акт №01/16 | 1.00 | 09 | 215745 | 10/11/2021 | 23/06/2016 | Книги |